[Event "Sparkassen-Open A"]
[Site "Heusenstamm, Martinsee"]
[Date "2017.11.24"]
[Round "3.106"]
[White "Bitzer, André"]
[Black "Mager, Thomas"]
[Result "0-1"]
[WhiteElo "1719"]
[BlackElo "1863"]
[PlyCount "52"]
[EventDate "2017.??.??"]
[WhiteTeam "SV Griesheim"]
[BlackTeam "vereinslos"]

1. b3 d5 2. Bb2 Nf6 3. e3 c5 4. f4 Nc6 5. Bb5 e6 6. Nf3 a6 7. Bxc6+ bxc6 8. O-O
Bd6 9. Qe2 O-O 10. d3 Nd7 11. Ne5 Qc7 12. Nxd7 Bxd7 13. Nc3 e5 14. f5 e4 15.
dxe4 Bxh2+ 16. Kh1 d4 17. Na4 Be5 18. Nxc5 Qd6 19. f6 Qxc5 20. exd4 Bxd4 21.
Bxd4 Qxd4 22. Rad1 Qe5 23. Rxd7 gxf6 24. Rf5 Qe6 25. Rd3 Rfe8 26. Rh3 Qxf5 0-1

[Event "Sparkassen-Open A"]
[Site "Heusenstamm, Martinsee"]
[Date "2017.11.24"]
[Round "3.107"]
[White "Kail, Sindy"]
[Black "Kammerer, Utz"]
[Result "0-1"]
[WhiteElo "1861"]
[BlackElo "1719"]
[PlyCount "28"]
[EventDate "2017.??.??"]
[WhiteTeam "SK Klingenberg"]
[BlackTeam "Heilbronner SV"]

1. e4 e5 2. Nf3 Nc6 3. d4 exd4 4. Bc4 h6 5. Nxd4 d6 6. O-O Nf6 7. Nc3 Be7 8.
Kh1 a6 9. Nxc6 bxc6 10. Qe2 O-O 11. Bf4 Bb7 12. Rad1 Qc8 13. h3 c5 14. e5 Qxh3+
0-1

[Event "Sparkassen-Open A"]
[Site "Heusenstamm, Martinsee"]
[Date "2017.11.24"]
[Round "3.108"]
[White "Reinhold, Günther"]
[Black "Schmitt, Clemens"]
[Result "1/2-1/2"]
[WhiteElo "1861"]
[BlackElo "1713"]
[Annotator "Schloessner,Henrik"]
[PlyCount "75"]
[EventDate "2017.??.??"]
[WhiteTeam "Frankfurter TV"]
[BlackTeam "SV Bergwinkel"]

1. e4 c5 2. Be2 Nf6 3. d3 d5 4. e5 Nfd7 5. f4 e6 6. Nf3 Be7 7. O-O O-O 8. c3
Nc6 9. Be3 b6 10. Na3 Ba6 11. Nc2 Qc7 12. Qe1 f6 13. exf6 Nxf6 14. Ng5 Qd6 15.
Rd1 d4 16. Bc1 h6 17. Nh3 Rad8 18. Qg3 Bc8 19. Na3 Ba6 20. Nc4 Bxc4 21. dxc4
Qc7 22. Qg6 Bd6 23. g3 dxc3 24. bxc3 e5 25. fxe5 Nxe5 26. Qc2 Neg4 27. Bxg4
Nxg4 28. Rxf8+ Rxf8 29. Qg6 Nf6 30. Bxh6 Be5 31. Bf4 Bxf4 32. Nxf4 Qf7 33. Qd3
Re8 34. Nd5 Ng4 35. Rf1 Re1 36. Nf4 Rxf1+ 37. Kxf1 Qxc4 38. Qxc4+ {Die
Tatsache ignorierend, dass Schwarz im Schach steht, wurde hier mit ... Se3+,
Ke2 Sxc4, Kd3 Sd6, a4 fortgesetzt.} 1/2-1/2

[Event "Sparkassen-Open A"]
[Site "Heusenstamm, Martinsee"]
[Date "2017.11.24"]
[Round "3.109"]
[White "Völler, Lothar"]
[Black "Haack, Kevin"]
[Result "0-1"]
[WhiteElo "1708"]
[BlackElo "1859"]
[PlyCount "62"]
[EventDate "2017.??.??"]
[WhiteTeam "FS Dortmund"]
[BlackTeam "SC Bad Soden"]

1. d4 d5 2. Bf4 Nf6 3. e3 Bf5 4. c3 e6 5. Nf3 Bd6 6. Bg3 Nbd7 7. Be2 O-O 8.
Nbd2 h6 9. a3 Qe7 10. b4 Rfc8 11. c4 c6 12. c5 Bxg3 13. hxg3 e5 14. dxe5 Nxe5
15. Nd4 Nd3+ 16. Bxd3 Bxd3 17. N2f3 Bc4 18. Nh4 Qe4 19. Nhf3 Ng4 20. Rh4 g5 21.
Rxh6 Nxh6 22. Nxg5 Qd3 23. Nh3 Qc3+ 24. Qd2 Qxa1+ 25. Qd1 Qxd1+ 26. Kxd1 b6 27.
f3 bxc5 28. bxc5 Rab8 29. g4 Rb1+ 30. Kc2 Ra1 31. Nxc6 Rxc6 0-1

[Event "Sparkassen-Open A"]
[Site "Heusenstamm, Martinsee"]
[Date "2017.11.24"]
[Round "3.110"]
[White "Traut, Stefan"]
[Black "Mao, Yvonne"]
[Result "0-1"]
[WhiteElo "1695"]
[BlackElo "1856"]
[PlyCount "98"]
[EventDate "2017.??.??"]
[WhiteTeam "SF Heusenstamm"]
[BlackTeam "SK Gernsheim"]

1. d4 Nf6 2. Nf3 d5 3. c4 c6 4. e3 Nbd7 5. Be2 e6 6. O-O dxc4 7. Bxc4 b5 8. Bd3
Bb7 9. Nbd2 a6 10. b3 c5 11. Bb2 Be7 12. Rc1 O-O 13. Qe2 cxd4 14. Nxd4 Nc5 15.
Bb1 Rc8 16. Rfd1 Bd6 17. f3 Nd5 18. Qf2 Qg5 19. Nf1 Nd7 20. Kh1 Qh6 21. h3 Bc5
22. Nc2 N7b6 23. Qg3 Be7 24. Qe1 Bf6 25. Bxf6 Qxf6 26. Nd4 Rfd8 27. Rxc8 Rxc8
28. Rc1 Rd8 29. Nc6 Rc8 30. Na5 Ba8 31. Rxc8+ Nxc8 32. Qc1 Qc3 33. Qxc3 Nxc3
34. Nd2 Nxb1 35. Nxb1 f5 36. Nc3 Kf7 37. Kg1 Ke7 38. Kf2 Kd6 39. b4 Nb6 40. Ke2
Nd5 41. Nxd5 Bxd5 42. a3 Ke5 43. Kd3 g5 44. Kc3 h5 45. Nb3 Bxb3 46. Kxb3 f4 47.
e4 Kd4 48. Kc2 Ke3 49. Kc3 e5 0-1

[Event "Sparkassen-Open A"]
[Site "Heusenstamm, Martinsee"]
[Date "2017.11.24"]
[Round "3.111"]
[White "Kirchner, Markus"]
[Black "Ebeling, Leander"]
[Result "1/2-1/2"]
[WhiteElo "1849"]
[BlackElo "1665"]
[PlyCount "77"]
[EventDate "2017.??.??"]
[WhiteTeam "SF Schöneck"]
[BlackTeam "SK Mainaschaff"]

1. e4 c6 2. d4 d5 3. exd5 cxd5 4. c4 Nf6 5. Nc3 Nc6 6. Nf3 Bg4 7. Be3 e6 8.
cxd5 Nxd5 9. Nxd5 Qxd5 10. Be2 Bb4+ 11. Kf1 O-O 12. a3 Be7 13. Rc1 Rac8 14. Qd2
Na5 15. Rxc8 Rxc8 16. h3 Bf5 17. Bd3 Nc4 18. Bxc4 Qxc4+ 19. Kg1 Qa4 20. Ne1 Rc4
21. Kh2 Bf6 22. Nf3 Rc2 23. Rc1 Kf8 24. Rxc2 Bxc2 25. Ne5 Be4 26. Qc3 Bxe5+ 27.
dxe5 Bc6 28. Qc5+ Ke8 29. Bd2 Qe4 30. f3 Qd5 31. Qe3 a6 32. Bb4 h6 33. Bd6 Qc4
34. b3 Qh4 35. Bb4 f5 36. Qc5 Kf7 37. Qf8+ Kg6 38. Qc5 Qf4+ 39. Kg1 1/2-1/2

[Event "Sparkassen-Open A"]
[Site "Heusenstamm, Martinsee"]
[Date "2017.11.24"]
[Round "3.112"]
[White "Berkes, Jörg"]
[Black "Bakiev, Diyor"]
[Result "0-1"]
[WhiteElo "1831"]
[BlackElo "1664"]
[PlyCount "98"]
[EventDate "2017.??.??"]
[WhiteTeam "SK Langen"]
[BlackTeam "SV Ffm-Griesheim"]

1. Nf3 Nf6 2. g3 g6 3. Bg2 Bg7 4. O-O O-O 5. d3 d6 6. e4 Nbd7 7. Re1 Re8 8. d4
e6 9. c4 e5 10. d5 Nc5 11. Nc3 Qe7 12. h3 Kh8 13. b4 Ncd7 14. Be3 a6 15. Qd2
Ng8 16. Rac1 f5 17. exf5 gxf5 18. Qc2 Ndf6 19. Nh4 Nh6 20. Rcd1 e4 21. Ne2 Nfg8
22. Nd4 Bf6 23. Nb3 Bxh4 24. gxh4 Qxh4 25. Qd2 Nf7 26. Bf4 Bd7 27. Bg3 Qf6 28.
Qf4 Ne5 29. Bh4 Qg6 30. Re3 Nf3+ 31. Kh1 Nxh4 32. Qxh4 Qf7 33. Qf4 Nf6 34. Nd4
Nh5 35. Qh4 Rg8 36. Bf1 f4 37. Be2 fxe3 38. Bxh5 Qg7 39. Bg4 Bxg4 40. hxg4 exf2
41. Nf5 Qg5 42. Qxf2 Qf6 43. Qe2 Rae8 44. Rf1 Rgf8 45. Qh2 e3 46. Qe2 Qe5 47.
Rf3 Qe4 48. Kh2 Qxg4 49. Ne7 Qxf3 0-1

[Event "Sparkassen-Open A"]
[Site "Heusenstamm, Martinsee"]
[Date "2017.11.24"]
[Round "3.113"]
[White "Engel, Jan"]
[Black "Seepe, Uwe"]
[Result "1-0"]
[WhiteElo "1830"]
[BlackElo "1662"]
[PlyCount "81"]
[EventDate "2017.??.??"]
[WhiteTeam "Frankfurter TV"]
[BlackTeam "SV Königsspringer Lemgo"]

1. e4 e5 2. Nf3 Nc6 3. Bb5 a6 4. Ba4 Nf6 5. O-O d6 6. Re1 Be7 7. c3 O-O 8. h3
b5 9. Bc2 Re8 10. d4 Bf8 11. Nbd2 Bd7 12. Nf1 Na5 13. Ng3 c5 14. d5 b4 15. Ba4
bxc3 16. bxc3 Rb8 17. Bxd7 Qxd7 18. Bg5 Kh8 19. Bxf6 gxf6 20. Nf5 Bg7 21. N3h4
Rg8 22. Re3 Nc4 23. Rg3 Qd8 24. Qe2 Nb6 25. Qxa6 h6 26. Qa7 Qd7 27. Qxd7 Nxd7
28. Nxd6 Bf8 29. Rxg8+ Kxg8 30. Nhf5 Bxd6 31. Nxd6 Rb2 32. a4 Kf8 33. a5 h5 34.
a6 Nb6 35. a7 Na8 36. Ra4 Rb6 37. Nf5 Rb7 38. c4 Rb4 39. Ra6 Rb6 40. Rxb6 Nxb6
41. h4 1-0

[Event "Sparkassen-Open A"]
[Site "Heusenstamm, Martinsee"]
[Date "2017.11.24"]
[Round "3.114"]
[White "Lehmann, Tim"]
[Black "Gude, Michael"]
[Result "1/2-1/2"]
[WhiteElo "1818"]
[BlackElo "1659"]
[PlyCount "47"]
[EventDate "2017.??.??"]
[WhiteTeam "SV Lahn Limburg"]
[BlackTeam "SF Fürth"]

1. d4 e6 2. Nf3 f5 3. Bf4 Nf6 4. e3 Be7 5. h3 b6 6. c4 Bb7 7. Nc3 a6 8. Be2 h6
9. Bh2 d6 10. O-O O-O 11. b4 Qe8 12. Qb3 Kh8 13. c5 Nd5 14. Rac1 Ra7 15. Nb1
Nc6 16. a3 bxc5 17. bxc5 dxc5 18. Nc3 cxd4 19. exd4 Bf6 20. Rfd1 Ba8 21. Nxd5
exd5 22. Bf1 Qd7 23. Qc3 Rc8 24. Bd3 1/2-1/2

[Event "Sparkassen-Open A"]
[Site "Heusenstamm, Martinsee"]
[Date "2017.11.24"]
[Round "3.115"]
[White "Dolaberidze, Nico"]
[Black "Rothermel, Tim"]
[Result "0-1"]
[WhiteElo "1454"]
[BlackElo "1756"]
[PlyCount "64"]
[EventDate "2017.??.??"]
[WhiteTeam "SV Neu-Isenburg"]
[BlackTeam "SK Langen"]

1. e4 c5 2. Nf3 Nc6 3. d4 cxd4 4. Nxd4 e5 5. Nb3 Nf6 6. Nc3 Bb4 7. Bg5 h6 8.
Bh4 g5 9. Bg3 Nxe4 10. Qf3 d5 11. O-O-O Nxc3 12. bxc3 Ba3+ 13. Kb1 Be6 14. Bb5
f6 15. Qe3 a6 16. Bxc6+ bxc6 17. Ka1 a5 18. Rb1 Qd6 19. f3 a4 20. Nc1 Rb8 21.
Nd3 O-O 22. Rhd1 Rxb1+ 23. Rxb1 Rb8 24. Qa7 Rxb1+ 25. Kxb1 d4 26. cxd4 Qd5 27.
Qb8+ Kf7 28. Qb7+ Kg6 29. Nb4 Qc4 30. Be1 Qe2 31. Nd3 Qd1+ 32. Nc1 Qxc1# 0-1

[Event "Heusenstamm Sparkassen Open"]
[Site "Heusenstamm"]
[Date "2017.11.25"]
[Round "4.1"]
[White "Sumets, Andrey"]
[Black "Carlstedt, Jonathan"]
[Result "1-0"]
[WhiteElo "2588"]
[BlackElo "2403"]
[PlyCount "61"]
[EventDate "2017.??.??"]

1. Nf3 Nf6 2. c4 e6 3. g3 c5 4. Bg2 Be7 5. O-O O-O 6. d4 d5 7. dxc5 Bxc5 8. a3
a5 9. cxd5 exd5 10. Qc2 Bb6 11. Bg5 Nc6 12. Nc3 Be6 13. Rad1 d4 14. Ne4 Re8 15.
Nh4 a4 16. Qc1 Qe7 17. Bxf6 gxf6 18. Qf4 Bd8 19. Nf5 Bxf5 20. Qxf5 Ra5 21. Qf4
f5 22. Nd6 Bc7 23. Bxc6 Bxd6 24. Qd2 Rea8 25. Bf3 Be5 26. Rc1 Rb5 27. Rc2 Qf6
28. Rfc1 Kg7 29. Rc5 Rb6 30. Rd5 Rd8 31. Rxe5 1-0

[Event "Heusenstamm Sparkassen Open"]
[Site "Heusenstamm"]
[Date "2017.11.25"]
[Round "4.2"]
[White "Pfreundt, Jakob"]
[Black "Stocek, Jiri"]
[Result "1/2-1/2"]
[WhiteElo "2391"]
[BlackElo "2567"]
[PlyCount "170"]
[EventDate "2017.??.??"]

1. Nf3 Nf6 2. c4 b6 3. g3 Bb7 4. Bg2 g6 5. b3 Bg7 6. Bb2 d6 7. d4 c5 8. O-O
cxd4 9. Nxd4 Bxg2 10. Kxg2 Nbd7 11. Nc3 Rc8 12. Rc1 a6 13. Nf3 O-O 14. Qd2 Re8
15. Rfd1 Qc7 16. Nd5 Qb7 17. Nxf6+ Nxf6 18. Kg1 Red8 19. Qd3 h5 20. h3 Rd7 21.
a4 Bh6 22. Ra1 e5 23. Ne1 Bg7 24. Qf3 Qb8 25. Qd3 d5 26. cxd5 e4 27. Qxa6 Ra7
28. Qb5 Ra5 29. Qb4 Nxd5 30. Rxd5 Rxd5 31. Bxg7 Kxg7 32. Qxe4 Qe5 33. Qxe5+
Rxe5 34. e3 Rf5 35. Kg2 Rc3 36. b4 Rb3 37. a5 bxa5 38. bxa5 Rbb5 39. g4 Rxa5
40. Rxa5 Rxa5 41. Nf3 Kf6 42. Kg3 Rc5 43. Nd4 Ke5 44. gxh5 gxh5 45. Kf3 Rc8 46.
Ne2 Kf5 47. h4 Kg6 48. Ng3 Rc4 49. e4 Rc3+ 50. Kf4 Rc2 51. Ke3 Ra2 52. Kf3 Ra5
53. Ke3 Kf6 54. Kf4 Ke6 55. Nf5 f6 56. Ng3 Kd7 57. Ke3 Kd6 58. Kf4 Ke6 59. Nf5
Ra7 60. Ng3 Rh7 61. Nf5 Rh8 62. Ng3 Rh6 63. f3 Rh7 64. Ne2 Ra7 65. Ng3 Ra5 66.
Ke3 Kf7 67. Kf4 Kg6 68. Nf5 Ra2 69. Ne7+ Kf7 70. Nf5 Rg2 71. Ng3 Rh2 72. Nf5
Rh3 73. Ke3 Rh1 74. Kf2 Rh2+ 75. Kg3 Rh1 76. Kg2 Ra1 77. Kg3 Ra7 78. Kf4 Ke6
79. Ng3 Ra5 80. Nf5 Kd7 81. Ke3 Kc6 82. Ng7 Re5 83. Kd4 Ra5 84. Ke3 Kd6 85. Kf4
Ke7 1/2-1/2

[Event "Heusenstamm Sparkassen Open"]
[Site "Heusenstamm"]
[Date "2017.11.25"]
[Round "4.3"]
[White "Nikolov, Momchil"]
[Black "Biriukov, Nikolai"]
[Result "1/2-1/2"]
[WhiteElo "2561"]
[BlackElo "2393"]
[PlyCount "95"]
[EventDate "2017.??.??"]

1. d4 d5 2. Nf3 c6 3. c4 Nf6 4. Nc3 dxc4 5. a4 a5 6. Ne5 Ng4 7. Nxc4 e5 8. e3
exd4 9. Qxd4 Qxd4 10. exd4 Nd7 11. Be2 Ngf6 12. Bf4 Bb4 13. O-O O-O 14. Bf3 Ra6
15. Na2 Be7 16. Rfe1 Re8 17. Bd2 Nb6 18. Nxb6 Rxb6 19. Bxa5 Rxb2 20. Nc3 Kf8
21. Rab1 Rxb1 22. Rxb1 Bd8 23. Bb4+ Be7 24. Ba5 Bd8 25. Bxd8 Rxd8 26. Rb4 Rd6
27. Kf1 Ke7 28. a5 Kd8 29. Na4 Kc7 30. Ke2 Be6 31. Nc5 Bc8 32. Ke3 Nd7 33. h4
Nxc5 34. dxc5 Re6+ 35. Re4 h6 36. Kd4 Rxe4+ 37. Bxe4 f6 38. Bg6 Be6 39. g3 Bd5
40. Ke3 Bc4 41. Kd4 Be6 42. f4 Kb8 43. Bc2 Bg4 44. Ke4 Kc7 45. Bd3 Kb8 46. Bc4
Ka7 47. Kd4 Kb8 48. Bd3 1/2-1/2

[Event "Heusenstamm Sparkassen Open"]
[Site "Heusenstamm"]
[Date "2017.11.25"]
[Round "4.4"]
[White "Schmitzer, Klaus"]
[Black "Sivuk, Vitaly"]
[Result "0-1"]
[WhiteElo "2242"]
[BlackElo "2551"]
[PlyCount "64"]
[EventDate "2017.??.??"]

1. e4 c6 2. d4 d5 3. e5 Bf5 4. Be2 e6 5. Nf3 Ne7 6. O-O h6 7. b3 Nd7 8. c4 Ng6
9. Be3 f6 10. exf6 Qxf6 11. Qd2 Bd6 12. Nc3 O-O 13. Bd1 Rae8 14. a3 a6 15. Ne2
e5 16. cxd5 e4 17. Ne1 cxd5 18. Ng3 Qh4 19. Qa5 Be6 20. Nc2 Rc8 21. Rc1 Ne7 22.
Be2 Nf6 23. Rfe1 Bg4 24. Bf1 Bh5 25. Qd2 Nf5 26. Be2 Bxe2 27. Qxe2 Ng4 28. h3
Ngxe3 29. Nxe3 Nxg3 30. fxg3 Qxg3 31. Ng4 Rxc1 32. Rxc1 Bf4 0-1

[Event "Heusenstamm Sparkassen Open"]
[Site "Heusenstamm"]
[Date "2017.11.25"]
[Round "4.5"]
[White "Pap, Misa"]
[Black "Pitzanti, Matteo"]
[Result "0-1"]
[WhiteElo "2494"]
[BlackElo "2182"]
[PlyCount "84"]
[EventDate "2017.??.??"]

1. e4 e5 2. Nf3 Nc6 3. Bc4 Bc5 4. c3 Nf6 5. b4 Bb6 6. d3 d6 7. a4 a5 8. b5 Ne7
9. O-O O-O 10. Nbd2 Ng6 11. Bb3 c6 12. Ba3 Re8 13. Nc4 Bc7 14. Ne3 h6 15. Qc2
Nh7 16. Kh1 Qf6 17. Rae1 Nf4 18. Ng1 Bd7 19. g3 Ne6 20. bxc6 bxc6 21. f3 Nd8
22. f4 exf4 23. Rxf4 Qg6 24. Nf3 d5 25. e5 Ne6 26. Rf5 Neg5 27. Nh4 Qh5 28. Qc1
f6 29. exf6 Bxf5 30. Nexf5 Nxf6 31. Ne7+ Kh7 32. Rf1 Qe2 33. Nxc6 Ng4 34. Ng2
Nf2+ 35. Rxf2 Qxf2 36. Bxd5 Re2 37. Nd4 Rae8 38. Nxe2 Rxe2 39. d4 Nf3 40. Qb1+
Kh8 41. Bxf3 Qxf3 42. Qg1 Rf2 0-1

[Event "Heusenstamm Sparkassen Open"]
[Site "Heusenstamm"]
[Date "2017.11.25"]
[Round "4.6"]
[White "Sai Agni Jeevitesh, J."]
[Black "Colpe, Malte"]
[Result "1-0"]
[WhiteElo "2364"]
[BlackElo "2404"]
[PlyCount "89"]
[EventDate "2017.??.??"]

1. d4 Nf6 2. c4 g6 3. Nc3 Bg7 4. e4 d6 5. Be2 O-O 6. Be3 e5 7. d5 Na6 8. g4 Nc5
9. f3 a5 10. h4 h5 11. g5 Nh7 12. Qd2 f6 13. O-O-O fxg5 14. hxg5 Bd7 15. Nh3
Qe7 16. Rdg1 a4 17. Nf2 Rf7 18. Rg3 Raf8 19. Kb1 Rf4 20. Rhg1 R8f7 21. Nb5 Be8
22. Bxc5 Bxb5 23. cxb5 dxc5 24. d6 cxd6 25. Bc4 Bf8 26. Nh3 Rh4 27. Qd5 Kg7 28.
Rd1 Qe8 29. Rd3 Be7 30. Qxf7+ Qxf7 31. Bxf7 Kxf7 32. Ra3 Nf8 33. Rxa4 Ne6 34.
Ra7 b6 35. Rb7 Nf4 36. Nxf4 Rh1+ 37. Kc2 exf4 38. Rg2 h4 39. Rg4 h3 40. Rxb6
Bxg5 41. Rb7+ Be7 42. Rh4 Ke6 43. Rh8 Rh2+ 44. Kb3 Rf2 45. Re8 1-0

[Event "Heusenstamm Sparkassen Open"]
[Site "Heusenstamm"]
[Date "2017.11.25"]
[Round "4.7"]
[White "Boe, Mads"]
[Black "Bortnyk, Oleksandr"]
[Result "0-1"]
[WhiteElo "2297"]
[BlackElo "2600"]
[PlyCount "64"]
[EventDate "2017.??.??"]

1. d4 d6 2. e4 Nf6 3. Nc3 Nbd7 4. Nf3 e5 5. Bc4 Be7 6. O-O O-O 7. Re1 a6 8. a4
b6 9. b3 Bb7 10. d5 Re8 11. Qd3 Bc8 12. b4 Nf8 13. Ne2 Nh5 14. Ng3 Nf4 15. Qb3
Bf6 16. a5 b5 17. Bf1 c6 18. Be3 cxd5 19. exd5 N8g6 20. c4 bxc4 21. Bxc4 Bg4
22. Bb6 Qd7 23. Nd2 h5 24. f3 e4 25. Ndxe4 Bxa1 26. Rxa1 h4 27. fxg4 hxg3 28.
Nxg3 Qxg4 29. Bf1 Re5 30. b5 axb5 31. Bxb5 Nxd5 32. Bc6 Nxb6 0-1

[Event "Heusenstamm Sparkassen Open"]
[Site "Heusenstamm"]
[Date "2017.11.25"]
[Round "4.8"]
[White "Kantans, Toms"]
[Black "Alber, Horst"]
[Result "1-0"]
[WhiteElo "2509"]
[BlackElo "2293"]
[PlyCount "59"]
[EventDate "2017.??.??"]

1. e4 g6 2. d4 Bg7 3. Nc3 d6 4. f4 Nc6 5. Nf3 Bg4 6. Be3 e6 7. Be2 Nge7 8. d5
exd5 9. exd5 Nb8 10. Nd4 Nf5 11. Nxf5 Bxf5 12. Qd2 c5 13. dxc6 Nxc6 14. O-O O-O
15. g4 Re8 16. Bf2 Be6 17. Rad1 d5 18. Bf3 d4 19. Ne2 Qc7 20. Nc1 Rad8 21. Nd3
Ne7 22. Rde1 Bd5 23. Qd1 a5 24. Bh4 Bxf3 25. Qxf3 Rc8 26. f5 Nc6 27. fxg6 fxg6
28. Bg3 Qd8 29. Qf7+ Kh8 30. Bh4 1-0

[Event "Heusenstamm Sparkassen Open"]
[Site "Heusenstamm"]
[Date "2017.11.25"]
[Round "4.9"]
[White "Khanukov, Boris"]
[Black "Kollars, Dmitrij"]
[Result "1/2-1/2"]
[WhiteElo "2289"]
[BlackElo "2500"]
[PlyCount "157"]
[EventDate "2017.??.??"]

1. d4 d5 2. c4 e6 3. Nc3 Bb4 4. e3 Nf6 5. Bd2 O-O 6. Nf3 b6 7. cxd5 exd5 8. Be2
c5 9. O-O Nc6 10. dxc5 Bxc5 11. Na4 Bd6 12. Rc1 Bb7 13. Bc3 Ne4 14. Bd4 Qe7 15.
Nc3 Nxd4 16. Nxd4 Be5 17. Bf3 Rfd8 18. g3 Rac8 19. Qd3 Nc5 20. Qd2 Qf6 21. Bg2
Ne4 22. Qd3 Nc5 23. Qd2 Ne6 24. Rfd1 g6 25. Nce2 Nc5 26. Nc3 Ne4 27. Qe1 Rc5
28. f3 Nxc3 29. Rxc3 Rdc8 30. f4 Bd6 31. Rdc1 Kg7 32. a3 a5 33. Qd2 h5 34. Ne2
Re8 35. Kf2 Qe7 36. Nd4 Kh7 37. Nb3 Rxc3 38. Rxc3 a4 39. Nd4 Bc5 40. Bf3 Qd7
41. Kg2 Ba6 42. Rc1 Bc4 43. Re1 b5 44. Nc2 Qf5 45. Nb4 d4 46. e4 Qe6 47. Nd3
Bb6 48. Rd1 Rc8 49. e5 Qf5 50. Qe2 Bb3 51. Rd2 Ba5 52. Be4 Qg4 53. Qxg4 hxg4
54. Re2 Be6 55. Nf2 Rc1 56. Nd3 Rd1 57. Nf2 Ra1 58. Rc2 Bc4 59. h3 gxh3+ 60.
Kxh3 Re1 61. Bd3 Bxd3 62. Nxd3 Re3 63. Nb4 d3 64. Rd2 Bxb4 65. axb4 Kg7 66. Kg2
g5 67. Kf2 gxf4 68. gxf4 Re4 69. Kf3 Rxb4 70. f5 Kh6 71. Rg2 Rd4 72. Ke3 Rd8
73. e6 fxe6 74. fxe6 Re8 75. Kxd3 Rxe6 76. Rg8 Rf6 77. Rb8 Rf3+ 78. Kc2 Rb3 79.
Rg8 1/2-1/2

[Event "Heusenstamm Sparkassen Open"]
[Site "Heusenstamm"]
[Date "2017.11.25"]
[Round "4.10"]
[White "Meessen, Max"]
[Black "Enchev, Ivajlo"]
[Result "0-1"]
[WhiteElo "2193"]
[BlackElo "2490"]
[PlyCount "100"]
[EventDate "2017.??.??"]

1. d4 Nf6 2. c4 e6 3. Nc3 Bb4 4. Nf3 b6 5. Qc2 Bb7 6. a3 Bxc3+ 7. Qxc3 a5 8.
Bg5 a4 9. d5 d6 10. e4 e5 11. Nd2 h6 12. Bh4 Nbd7 13. f3 Nf8 14. b4 axb3 15.
Qxb3 N8d7 16. Bf2 Ra5 17. Bd3 O-O 18. O-O Qa8 19. Nb1 Nc5 20. Bxc5 Rxc5 21. Nc3
Ba6 22. Nb5 Bxb5 23. cxb5 Qa5 24. Bc4 Ra8 25. a4 Qd2 26. Rfd1 Qg5 27. Bf1 Ra5
28. Kf2 Qf4 29. Kg1 h5 30. Kh1 h4 31. Kg1 g6 32. Kh1 Nh5 33. Re1 f5 34. Qe3
Qxe3 35. Rxe3 Nf6 36. g3 f4 37. Ree1 hxg3 38. Bh3 Nh5 39. Rec1 Rxa4 40. Bg4
Rxa1 41. Rxa1 Rxb5 42. Bxh5 gxh5 43. hxg3 fxg3 44. Kg2 h4 45. Kh3 Rb3 46. Kg4
Rc3 47. Rh1 g2 48. Rg1 h3 49. Kxh3 Rxf3+ 50. Kxg2 Rf7 0-1

[Event "Heusenstamm Sparkassen Open"]
[Site "Heusenstamm"]
[Date "2017.11.25"]
[Round "4.11"]
[White "Noe, Christopher"]
[Black "Liard, Thibaud"]
[Result "1/2-1/2"]
[WhiteElo "2463"]
[BlackElo "2169"]
[PlyCount "77"]
[EventDate "2017.??.??"]

1. d4 d5 2. c4 c6 3. Nc3 Nf6 4. Nf3 a6 5. e3 e6 6. Bd3 dxc4 7. Bxc4 b5 8. Be2
c5 9. O-O Nc6 10. dxc5 Qxd1 11. Rxd1 Bxc5 12. Nd2 Bb7 13. Nde4 Be7 14. Nd6+
Bxd6 15. Rxd6 Ke7 16. Rd1 Rhd8 17. b3 Rxd1+ 18. Bxd1 Rd8 19. Be2 h5 20. f3 h4
21. Kf2 Nd7 22. Bb2 Nc5 23. Rd1 f6 24. Rxd8 Kxd8 25. e4 e5 26. Nd5 Ne6 27. Ne3
Ned4 28. Bf1 Bc8 29. Ba3 Be6 30. Bc5 a5 31. Nd5 Bxd5 32. exd5 Nb4 33. Bxd4 exd4
34. Bxb5 Nxd5 35. Bc4 Nc3 36. a3 Nb1 37. Ke2 Nxa3 38. Kd3 Nxc4 39. Kxc4 1/2-1/2

[Event "Heusenstamm Sparkassen Open"]
[Site "Heusenstamm"]
[Date "2017.11.25"]
[Round "4.12"]
[White "Chandler, Patrick"]
[Black "Karthik, Venkataraman"]
[Result "1/2-1/2"]
[WhiteElo "2185"]
[BlackElo "2466"]
[PlyCount "144"]
[EventDate "2017.??.??"]

1. d4 Nf6 2. Nf3 d5 3. c3 e6 4. Bg5 Nbd7 5. Nbd2 Be7 6. Qc2 c5 7. e3 b6 8. Bd3
Bb7 9. Rd1 Rc8 10. Qb1 a6 11. h3 Qc7 12. O-O h6 13. Bf4 Bd6 14. Bxd6 Qxd6 15.
Rfe1 O-O 16. e4 dxe4 17. Nxe4 Qc7 18. dxc5 Bxe4 19. Bxe4 Nxc5 20. Bc2 Rfd8 21.
Rxd8+ Rxd8 22. Rd1 Re8 23. c4 e5 24. b3 e4 25. Nh2 Qe5 26. Nf1 Ne6 27. Ne3 Nf4
28. Kf1 Ng6 29. Kg1 Nh4 30. Qa1 Qg5 31. Kh1 Qf4 32. Rd2 Nf5 33. Qe1 Nxe3 34.
Qxe3 Qc7 35. Qd4 Qf4 36. Qd6 Qg5 37. Re2 Qa5 38. a4 Re6 39. Qd8+ Re8 40. Qd6
Re6 41. Qd8+ Re8 42. Qd6 Qh5 43. Bd1 Qg5 44. Qxb6 Nh5 45. Qc6 Rd8 46. Re1 Qc1
47. Qxa6 Nf6 48. a5 e3 49. fxe3 Rxd1 50. Qc8+ Kh7 51. Rxd1 Qxd1+ 52. Kh2 Qd6+
53. Kh1 Qe5 54. b4 Nh5 55. Qc5 Ng3+ 56. Kh2 Qb8 57. Kg1 Qd8 58. Qd5 Qf6 59. Qd1
Qc3 60. Kh2 Nf5 61. Qb1 g6 62. Qe4 Qxb4 63. Qd5 Qb8+ 64. Kh1 Qa7 65. a6 Qxa6
66. Qxf7+ Ng7 67. Qc7 h5 68. c5 Qc4 69. c6 Kh6 70. Qd8 Ne6 71. Qh8+ Kg5 72.
Qe5+ Kh6 1/2-1/2

[Event "Heusenstamm Sparkassen Open"]
[Site "Heusenstamm"]
[Date "2017.11.25"]
[Round "4.13"]
[White "Thinius, Marco"]
[Black "Stork, Oliver"]
[Result "1/2-1/2"]
[WhiteElo "2375"]
[BlackElo "2156"]
[PlyCount "98"]
[EventDate "2017.??.??"]

1. c4 e6 2. g3 d5 3. Bg2 Nf6 4. Nf3 Be7 5. O-O O-O 6. b3 c5 7. Bb2 Nc6 8. e3 d4
9. exd4 cxd4 10. Re1 Ne8 11. Ne5 Nxe5 12. Rxe5 f6 13. Re1 e5 14. Ba3 Nc7 15.
Qc2 Rb8 16. d3 Bd7 17. Bxe7 Qxe7 18. Nd2 Ne6 19. Ne4 a5 20. a3 Rfc8 21. Nd2 Bc6
22. Bh3 Re8 23. f4 Qf7 24. fxe5 Ng5 25. Bg2 Rxe5 26. Rxe5 fxe5 27. h4 Ne6 28.
Ne4 Rf8 29. Rf1 Qe7 30. Rxf8+ Qxf8 31. Qb2 Nc5 32. Nxc5 Qxc5 33. b4 axb4 34.
Qxb4 Qa7 35. Qe7 Qb8 36. Kh2 h6 37. Bh3 e4 38. dxe4 d3 39. Be6+ Kh8 40. Bg4 d2
41. Bd1 Qg8 42. e5 Qxc4 43. Qd8+ Kh7 44. Qxd2 Qf1 45. g4 Qh1+ 46. Kg3 Qg1+ 47.
Kf4 Qf1+ 48. Kg3 Qg1+ 49. Kf4 Qf1+ 1/2-1/2

[Event "Heusenstamm Sparkassen Open"]
[Site "Heusenstamm"]
[Date "2017.11.25"]
[Round "4.14"]
[White "Winterberg, Lukas"]
[Black "Syed, Tareq"]
[Result "1-0"]
[WhiteElo "2384"]
[BlackElo "2023"]
[PlyCount "71"]
[EventDate "2017.??.??"]

1. d4 Nf6 2. c4 d6 3. Nc3 c6 4. e4 e5 5. Nf3 Nbd7 6. Be2 Be7 7. O-O O-O 8. Be3
Re8 9. d5 c5 10. Rb1 Nf8 11. Ne1 Ng6 12. Nd3 Rf8 13. b4 cxb4 14. Rxb4 b6 15. g3
Bh3 16. Re1 Qc8 17. f3 h5 18. Nf2 Bd7 19. Rb2 Nh7 20. f4 exf4 21. gxf4 Nf6 22.
Kh1 Ng4 23. Nxg4 hxg4 24. Rg1 f5 25. exf5 Bxf5 26. Bxg4 Qxc4 27. Bxf5 Rxf5 28.
Rxg6 Qxc3 29. Bd4 Rxd5 30. Rxg7+ Kf8 31. Rg8+ Kf7 32. Rg7+ Kf8 33. Qg4 Qe1+ 34.
Bg1 Qe4+ 35. Rg2 Rd2 36. Qh5 1-0

[Event "Heusenstamm Sparkassen Open"]
[Site "Heusenstamm"]
[Date "2017.11.25"]
[Round "4.15"]
[White "Guelsen, Taylan"]
[Black "Jahncke, Giso"]
[Result "1/2-1/2"]
[WhiteElo "2171"]
[BlackElo "2352"]
[PlyCount "120"]
[EventDate "2017.??.??"]

1. d4 Nf6 2. Bf4 g6 3. Nc3 d5 4. e3 Bg7 5. h4 h6 6. Nf3 c6 7. Ne5 Nfd7 8. Qd2
Nxe5 9. Bxe5 Bxe5 10. dxe5 Be6 11. f4 h5 12. Be2 b5 13. a3 a5 14. e4 dxe4 15.
Qxd8+ Kxd8 16. Nxe4 Bd5 17. Bf3 Kc7 18. O-O Nd7 19. Ng5 f6 20. exf6 exf6 21.
Bxd5 fxg5 22. Be4 gxh4 23. Bxg6 h3 24. gxh3 Rag8 25. f5 Ne5 26. Rae1 Nxg6 27.
fxg6 Rxg6+ 28. Kh2 a4 29. Rf7+ Kb6 30. Rf5 Rhg8 31. Re2 Rg5 32. Rf4 Rc5 33. c3
Rgg5 34. Rfe4 Ka5 35. Re8 Rcd5 36. R8e4 Rc5 37. Re8 Ka6 38. Ra8+ Kb7 39. Rae8
Ka6 40. Ra8+ Kb6 41. Rb8+ Kc7 42. Rbe8 Rcd5 43. c4 bxc4 44. R8e4 Rc5 45. Rc2
Rge5 46. Rxe5 Rxe5 47. Rxc4 Re2+ 48. Kg3 Rxb2 49. Rxa4 Kd6 50. Rd4+ Ke5 51. Rh4
Rb3+ 52. Kf2 Rxa3 53. Ke2 c5 54. Kd2 Rf3 55. Rxh5+ Kd4 56. Rh4+ Kd5 57. Kc2 Kc6
58. Kb2 Kb5 59. Kc2 Rg3 60. Kb2 Rf3 1/2-1/2